[Event "8th ITLukavac 2019"]
[Site "Lukavac, hotel Lukavac"]
[Date "2019.11.25"]
[Round "6"]
[Board "24"]
[White "Yurdakul, Didem Nuray"]
[Black "Imamovic, Samir"]
[Result "1/2-1/2"]
[WhiteElo "1756"]
[BlackElo "1954"]
[PlyCount "62"]
[EventDate "2019.11.22"]
[EventRounds "7"]
[EventCountry "BIH"]

1. e4 e5 2. Nf3 Nc6 3. d4 exd4 4. Bc4 h6 5. O-O d6 6. Nxd4 Nxd4 7. Qxd4 Be6 8.
Bxe6 fxe6 9. f4 c5 10. Qf2 Qb6 11. b3 O-O-O 12. f5 e5 13. c4 Nf6 14. Nc3 Qc6
15. Qe1 Rg8 16. a3 a6 17. Bd2 Be7 18. Rc1 Kb8 19. b4 cxb4 20. axb4 Qb6+ 21. Kh1
Rc8 22. Qe2 Qd4 23. Nd5 Nxd5 24. exd5 Bg5 25. Rfd1 Bxd2 26. Rxd2 Qf4 27. Rdc2
Rgd8 28. Rf1 Qd4 29. Rd1 Qf4 30. Rf1 Qd4 31. Rd1 Qf4  1/2-1/2

[Event "8th ITLukavac 2019"]
[Site "Lukavac, hotel Lukavac"]
[Date "2019.11.25"]
[Round "6"]
[Board "25"]
[White "Sabic, Muris"]
[Black "Manic, Mujo"]
[Result "1-0"]
[WhiteElo "1941"]
[BlackElo "1820"]
[PlyCount "101"]
[EventDate "2019.11.22"]
[EventRounds "7"]
[EventCountry "BIH"]

1. e4 c5 2. Nf3 e6 3. d3 Nf6 4. c4 d6 5. Nc3 Nc6 6. d4 cxd4 7. Nxd4 a6 8. Be2
Be7 9. O-O Qb6 10. Nc2 Ne5 11. b3 Bd7 12. Bb2 Rc8 13. Qd4 Qc7 14. Rad1 O-O 15.
Ne3 Bc6 16. f4 Ng6 17. Kh1 Rcd8 18. f5 Ne5 19. Rf2 b6 20. Bf3 Qb7 21. b4 Qc7
22. a4 Rc8 23. b5 Bb7 24. Be2 d5 25. Ncxd5 Bxd5 26. cxd5 Bc5 27. Qxe5 Bxe3 28.
Rf3 Qxe5 29. Bxe5 Ng4 30. Bg3 exf5 31. Rxf5 Nf6 32. e5 Ne4 33. Be1 axb5 34.
Bxb5 h6 35. d6 Ng5 36. d7 Rb8 37. Bb4 Bc5 38. Bxc5 bxc5 39. Rf4 Ne6 40. Rc4
Rfd8 41. Kg1 Kf8 42. Kf2 Ke7 43. Ke3 Rf8 44. g3 Kd8 45. Ke4 Rb6 46. Rd5 Ke7 47.
Rc1 Rfb8 48. Rcd1 Rd8 49. h4 Rdb8 50. d8=Q+ Nxd8 51. Rd7+  1-0

[Event "8th ITLukavac 2019"]
[Site "Lukavac, hotel Lukavac"]
[Date "2019.11.25"]
[Round "6"]
[Board "26"]
[White "Smajic, Ervin"]
[Black "Mahmutbegovic, Midhat"]
[Result "0-1"]
[WhiteElo "1553"]
[BlackElo "2031"]
[PlyCount "40"]
[EventDate "2019.11.22"]
[EventRounds "7"]
[EventCountry "BIH"]

1. Nf3 Nf6 2. g3 d5 3. d4 c5 4. c3 cxd4 5. cxd4 Nc6 6. Nc3 Bg4 7. Bg2 e6 8. a3
Rc8 9. O-O a6 10. Bf4 Bd6 11. Bxd6 Qxd6 12. Rc1 O-O 13. h3 Bxf3 14. Bxf3 b5 15.
e3 Na5 16. Qe2 Rc7 17. b4 Nb3 18. Rc2 Rfc8 19. Qd3 Qc6 20. Bd1 Qc4  0-1

[Event "8th ITLukavac 2019"]
[Site "Lukavac, hotel Lukavac"]
[Date "2019.11.25"]
[Round "6"]
[Board "28"]
[White "Zivkovic, Milenko"]
[Black "Kustura, Hajrudin"]
[Result "1-0"]
[WhiteElo "1971"]
[BlackElo "1706"]
[PlyCount "79"]
[EventDate "2019.11.22"]
[EventRounds "7"]
[EventCountry "BIH"]

1. d4 Nf6 2. Nc3 g6 3. e4 d6 4. Be2 Bg7 5. Bf4 O-O 6. e5 dxe5 7. dxe5 Qxd1+ 8.
Rxd1 Nfd7 9. Nf3 e6 10. Nb5 Na6 11. O-O h6 12. h3 Nb6 13. c4 Bd7 14. Nc3 Rfd8
15. Nd4 c6 16. Ne4 Be8 17. a3 Nd7 18. Nf3 b6 19. b4 c5 20. b5 Nc7 21. h4 a6 22.
a4 axb5 23. axb5 Ra2 24. Rfe1 Rda8 25. Nf6+ Bxf6 26. exf6 R2a7 27. Be5 Rc8 28.
g4 Ra3 29. g5 h5 30. Kg2 Ra7 31. Rd2 Nxe5 32. Nxe5 Rca8 33. Bf3 Ra2 34. Rd6 Rb8
35. Red1 Ra7 36. Rd8 Rxd8 37. Rxd8 Kf8 38. Nd7+ Kg8 39. Nxb6 Kf8 40. Nd7+  1-0

[Event "8th ITLukavac 2019"]
[Site "Lukavac, hotel Lukavac"]
[Date "2019.11.25"]
[Round "6"]
[Board "29"]
[White "Culum, Sanjin"]
[Black "Muratovic, Adnan"]
[Result "1-0"]
[WhiteElo "1931"]
[BlackElo "1613"]
[PlyCount "49"]
[EventDate "2019.11.22"]
[EventRounds "7"]
[EventCountry "BIH"]

1. e4 e5 2. Nf3 Nf6 3. Nxe5 d6 4. Nf3 Nxe4 5. d4 d5 6. Bd3 Nf6 7. O-O Be7 8. h3
O-O 9. Bf4 Nbd7 10. Re1 Re8 11. Nbd2 b6 12. Nf1 Bb7 13. Ng3 c5 14. c3 Nf8 15.
Bb5 N8d7 16. Ne5 Bf8 17. Bg5 Bc8 18. Bxf6 Nxf6 19. Bxe8 Qxe8 20. Ng4 Qd8 21.
Qf3 Nxg4 22. hxg4 Qg5 23. Nf5 g6 24. Qxd5 Rb8 25. Qe5  1-0

[Event "8th ITLukavac 2019"]
[Site "Lukavac, hotel Lukavac"]
[Date "2019.11.25"]
[Round "6"]
[Board "31"]
[White "Habibovic, Hazim"]
[Black "Mrkovic, Nikola"]
[Result "0-1"]
[WhiteElo "1854"]
[BlackElo "1555"]
[PlyCount "114"]
[EventDate "2019.11.22"]
[EventRounds "7"]
[EventCountry "BIH"]

1. Nf3 d5 2. d4 Bf5 3. c4 e6 4. Nc3 Nf6 5. Bg5 Be7 6. e3 h6 7. Bxf6 Bxf6 8. h3
O-O 9. Qb3 dxc4 10. Bxc4 b6 11. e4 Bg6 12. e5 Be7 13. Rd1 c6 14. Bd3 Bxd3 15.
Rxd3 Na6 16. a3 Nc5 17. Qc2 Nxd3+ 18. Qxd3 Qc7 19. Qe4 Rfd8 20. O-O Rd7 21. Rc1
Qb7 22. Qg4 Rad8 23. Ne4 Kh8 24. Qh5 Kg8 25. Rc3 c5 26. Nf6+ gxf6 27. Qxh6 Qe4
28. exf6 Bf8 29. Qg5+ Qg6 30. Qxg6+ fxg6 31. dxc5 Bxc5 32. Ng5 Rf7 33. Rf3 Rdf8
34. b4 Rxf6 35. bxc5 Rxf3 36. Nxf3 bxc5 37. Ne5 Kg7 38. g3 g5 39. Kf1 Rf5 40.
Nc4 Rd5 41. Ke2 Kf6 42. Ke3 Rd4 43. Nd2 Ra4 44. Ne4+ Kg6 45. Nxc5 Rxa3+ 46. Ke4
Kf6 47. Nd7+ Ke7 48. Ne5 Ra4+ 49. Ke3 a5 50. h4 gxh4 51. gxh4 Kf6 52. f4 Kf5
53. Nd3 Ra3 54. h5 a4 55. Kd4 Ra1 56. Kc3 Rh1 57. Kb4 a3  0-1

[Event "8th ITLukavac 2019"]
[Site "Lukavac, hotel Lukavac"]
[Date "2019.11.25"]
[Round "6"]
[Board "32"]
[White "Mesic, Merim"]
[Black "Colpa, Husein"]
[Result "1-0"]
[WhiteElo "1752"]
[BlackElo "1798"]
[PlyCount "115"]
[EventDate "2019.11.22"]
[EventRounds "7"]
[EventCountry "BIH"]

1. e4 c5 2. c4 Nc6 3. Nc3 g6 4. f4 d6 5. Nf3 Bg7 6. h3 e5 7. fxe5 Nxe5 8. d3
Ne7 9. Bg5 f6 10. Bf4 O-O 11. Be2 N7c6 12. Qd2 Re8 13. O-O Nd4 14. Nxd4 cxd4
15. Nd5 Be6 16. Nb4 f5 17. Bf3 Nxf3+ 18. gxf3 fxe4 19. fxe4 Bxh3 20. Rf3 Qd7
21. Kh2 Bg4 22. Rf2 Be5 23. Nd5 Qg7 24. Bxe5 Rxe5 25. Nf6+ Kh8 26. Nxg4 Rh5+
27. Kg1 Rh4 28. Qg5 Rh3 29. Rd1 h5 30. Qh6+ Qxh6 31. Nxh6 Kg7 32. Kg2 Re3 33.
Nf7 Re8 34. Nxd6 Re5 35. Nb5 Rg5+ 36. Kf1 Rgg3 37. Nxd4 h4 38. Rg2 h3 39. Rxg3
Rxg3 40. Ne2 Rf3+ 41. Kg1 g5 42. Nd4 Rf7 43. Nf5+ Kg6 44. Kh2 g4 45. Kg3 Kg5
46. Rd2 Rd7 47. b4 b6 48. a4 a6 49. c5 bxc5 50. bxc5 a5 51. c6 Rc7 52. Rc2 h2
53. Kxh2 Kf4 54. Kg2 g3 55. Rc3 Rh7 56. Nxg3 Rg7 57. d4 Rxg3+ 58. Rxg3  1-0

[Event "8th ITLukavac 2019"]
[Site "Lukavac, hotel Lukavac"]
[Date "2019.11.25"]
[Round "6"]
[Board "33"]
[White "Hankic, Ramiz"]
[Black "Mujcinovic, Muharem"]
[Result "0-1"]
[WhiteElo "1620"]
[BlackElo "1770"]
[PlyCount "78"]
[EventDate "2019.11.22"]
[EventRounds "7"]
[EventCountry "BIH"]

1. Nf3 d5 2. g3 Nf6 3. d4 h6 4. Bg2 e6 5. O-O Be7 6. Bf4 O-O 7. Ne5 c5 8. c3 c4
9. b3 cxb3 10. axb3 Nc6 11. Nxc6 bxc6 12. Nd2 a6 13. e4 dxe4 14. Nxe4 Nd5 15.
Qc1 Bb7 16. Be3 a5 17. Re1 Re8 18. f4 Nxe3 19. Qxe3 Qc7 20. Kh1 Reb8 21. Nd2 c5
22. d5 Qd7 23. dxe6 Bxg2+ 24. Kxg2 Qd5+ 25. Kf2 f6 26. c4 Qb7 27. f5 Rc8 28.
Red1 Bd6 29. Ne4 Be5 30. Rab1 Bd4 31. Rxd4 cxd4 32. Qxd4 Rd8 33. Nc5 Qb4 34.
Qe3 Rac8 35. Nd3 Qc3 36. Nf4 Qc2+ 37. Ne2 Qxb1 38. e7 Re8 39. Nf4 Qxf5  0-1

[Event "8th ITLukavac 2019"]
[Site "Lukavac, hotel Lukavac"]
[Date "2019.11.25"]
[Round "6"]
[Board "34"]
[White "Lazic, Emanuel"]
[Black "Lapo, Safet"]
[Result "1-0"]
[WhiteElo "1549"]
[BlackElo "1760"]
[PlyCount "79"]
[EventDate "2019.11.22"]
[EventRounds "7"]
[EventCountry "BIH"]

1. e4 d5 2. Nc3 dxe4 3. Nxe4 Nf6 4. Nxf6+ exf6 5. g3 Bd6 6. Bg2 O-O 7. Ne2 c6
8. O-O Bg4 9. d4 Qc7 10. f3 Be6 11. Nf4 Bf5 12. c3 Re8 13. Bd2 Nd7 14. Qb3 g5
15. Nh3 Re2 16. Rf2 Rae8 17. Bf1 Rxf2 18. Kxf2 h5 19. Kg2 h4 20. Be1 Rxe1 21.
Rxe1 hxg3 22. hxg3 Bxg3 23. Re8+ Kg7 24. Re7 Bg6 25. Qe6 Bh2 26. Rxd7 Qg3+ 27.
Kh1 Qxf3+ 28. Kxh2 Qxf1 29. Rxb7 Qf3 30. Qe1 Be4 31. Qg1 g4 32. Nf2 Qf4+ 33.
Qg3 Qh6+ 34. Nh3 Qd2+ 35. Qf2 Qc1 36. Ng1 Qh6+ 37. Kg3 f5 38. Qf4 Qh1 39. Qg5+
Kh8 40. Rb8+  1-0

[Event "8th ITLukavac 2019"]
[Site "Lukavac, hotel Lukavac"]
[Date "2019.11.25"]
[Round "6"]
[Board "35"]
[White "Osmic, Enis"]
[Black "Pavicic, Karlo"]
[Result "0-1"]
[WhiteElo "1552"]
[BlackElo "1535"]
[PlyCount "90"]
[EventDate "2019.11.22"]
[EventRounds "7"]
[EventCountry "BIH"]

1. e4 e5 2. Nf3 Nc6 3. Bc4 Nf6 4. d3 h6 5. Be3 Na5 6. Bb3 Nxb3 7. axb3 a6 8.
Nxe5 d5 9. exd5 Qxd5 10. Nf3 Bd6 11. Nc3 Qh5 12. h3 Bg4 13. Kd2 Bxf3 14. Qxf3
Qxf3 15. gxf3 Kd7 16. Rhg1 Rhg8 17. Ne4 Be7 18. Rg2 Nh5 19. Rag1 f5 20. Ng3
Nxg3 21. fxg3 g5 22. f4 Rae8 23. fxg5 Bxg5 24. Bxg5 Rxg5 25. Re2 Re6 26. Rxe6
Kxe6 27. Ke3 Rg7 28. g4 Kf6 29. Rf1 Re7+ 30. Kd2 Re5 31. Rxf5+ Rxf5 32. gxf5
Kxf5 33. Ke2 Kf4 34. Kf2 a5 35. c4 c5 36. h4 h5 37. Ke2 Kg4 38. d4 cxd4 39. Kd3
Kxh4 40. Kxd4 Kg3 41. Kc5 h4 42. Kb5 h3 43. Kxa5 h2 44. b4 h1=Q 45. Kb6 Qc6+
 0-1

[Event "8th ITLukavac 2019"]
[Site "Lukavac, hotel Lukavac"]
[Date "2019.11.25"]
[Round "6"]
[Board "36"]
[White "Huremovic, Fadil"]
[Black "Skula, Lejla"]
[Result "1-0"]
[WhiteElo "1795"]
[BlackElo "1543"]
[PlyCount "91"]
[EventDate "2019.11.22"]
[EventRounds "7"]
[EventCountry "BIH"]

1. e4 e5 2. Nf3 Nc6 3. c3 Nf6 4. d3 h6 5. Be3 d6 6. h3 Be6 7. Be2 Be7 8. Nbd2
d5 9. exd5 Bxd5 10. c4 Bxf3 11. Nxf3 O-O 12. O-O Re8 13. a3 a5 14. Qc2 Nd4 15.
Nxd4 exd4 16. Bf4 c5 17. Bf3 Ra7 18. Rae1 b6 19. Bc6 Rf8 20. Qe2 Kh8 21. Qe5 a4
22. Re2 Ng8 23. Rfe1 Kh7 24. Qf5+ g6 25. Qg4 f5 26. Qf3 Rf6 27. Qd5 Bd6 28. Re8
Qxe8 29. Rxe8 Ne7 30. Rxe7+ Bxe7 31. Be5 Rf8 32. Qe6 h5 33. g3 Kh6 34. h4 Kh7
35. Bxa4 Kh6 36. Bc6 Kh7 37. Kg2 Kh6 38. Bf4+ Kh7 39. f3 Rf6 40. Qc8 Bd6 41.
Bxd6 Rxd6 42. Bd5 Rg7 43. Qb8 Rf6 44. b4 Kh6 45. Qh8+ Rh7 46. Qxf6  1-0

[Event "8th ITLukavac 2019"]
[Site "Lukavac, hotel Lukavac"]
[Date "2019.11.25"]
[Round "6"]
[Board "40"]
[White "Hrncic, Amer"]
[Black "Unuvar, Kaan"]
[Result "0-1"]
[WhiteElo "1458"]
[BlackElo "1144"]
[PlyCount "92"]
[EventDate "2019.11.22"]
[EventRounds "7"]
[EventCountry "BIH"]

1. d4 d5 2. Nf3 Nf6 3. c4 e6 4. Nc3 Nbd7 5. Bf4 a6 6. h3 Be7 7. e3 dxc4 8. Bxc4
b5 9. Bxb5 axb5 10. Nxb5 Bb4+ 11. Nd2 Nd5 12. Qc2 Bxd2+ 13. Qxd2 Nxf4 14. exf4
Ba6 15. Nc3 Nf6 16. Na4 Qd5 17. f3 O-O 18. Nc5 Rfd8 19. Nb3 Bc4 20. Rd1 Bxb3
21. axb3 Qxb3 22. O-O Ra2 23. Rf2 h6 24. Rc1 Nd5 25. Qc2 Qxc2 26. Rfxc2 Nxf4
27. Rxc7 Ne2+ 28. Kf2 Nxc1 29. Rxc1 Rxb2+ 30. Ke3 Rxg2 31. Ke4 f5+ 32. Ke3 f4+
33. Kxf4 Rxd4+ 34. Ke5 Rd3 35. Kxe6 Rxf3 36. Rc8+ Kh7 37. Rc7 Re2+ 38. Kd7 Rf7+
39. Kc8 Rxc7+ 40. Kxc7 g5 41. Kd6 h5 42. Kd5 g4 43. hxg4 hxg4 44. Kd4 g3 45.
Kd3 Re8 46. Kd2 g2  0-1

[Event "8th ITLukavac 2019"]
[Site "Lukavac, hotel Lukavac"]
[Date "2019.11.25"]
[Round "6"]
[Board "43"]
[White "Siljegovic, Nadina"]
[Black "Djuric, Anastasija"]
[Result "1/2-1/2"]
[WhiteElo "1247"]
[BlackElo "1078"]
[PlyCount "94"]
[EventDate "2019.11.22"]
[EventRounds "7"]
[EventCountry "BIH"]

1. e4 e5 2. Nf3 Nc6 3. Bc4 Bc5 4. Nc3 Nf6 5. O-O O-O 6. d3 h6 7. h3 d6 8. Re1
Qe7 9. Be3 Bb6 10. d4 exd4 11. Nxd4 Nxd4 12. Bxd4 c5 13. Bxf6 Qxf6 14. Rb1 Ba5
15. Re3 Bxc3 16. Rxc3 Rd8 17. Rf3 Qe5 18. Bxf7+ Kh8 19. Qd5 Qxd5 20. Bxd5 Rb8
21. Rd1 Bd7 22. b3 Bb5 23. Rf7 b6 24. Rxa7 Rd7 25. Rxd7 Bxd7 26. Bf7 Be8 27.
Bxe8 Rxe8 28. f3 Ra8 29. a4 Rd8 30. e5 d5 31. Kf2 Kg8 32. Ke3 Kf7 33. f4 Ke6
34. g4 g5 35. Kf3 gxf4 36. Kxf4 Rf8+ 37. Kg3 Kxe5 38. h4 d4 39. g5 hxg5 40.
hxg5 Rf5 41. Kh4 Rf2 42. Rg1 Kf5 43. g6 Rf4+ 44. Kh5 Rf2 45. Kh6 Kf6 46. Rg5
Rh2+ 47. Rh5 Rg2  1/2-1/2

[Event "8th ITLukavac 2019"]
[Site "Lukavac, hotel Lukavac"]
[Date "2019.11.25"]
[Round "7"]
[Board "1"]
[White "Muratovic, Efim"]
[Black "Buljubasic, Sabahudin"]
[Result "1/2-1/2"]
[WhiteElo "2398"]
[BlackElo "2342"]
[PlyCount "20"]
[EventDate "2019.11.22"]
[EventRounds "7"]
[EventCountry "BIH"]

1. Nf3 Nf6 2. d4 e6 3. c4 c5 4. d5 exd5 5. cxd5 d6 6. Nc3 Be7 7. e4 O-O 8. Be2
Bg4 9. O-O Bxf3 10. Bxf3 Nbd7  1/2-1/2

[Event "8th ITLukavac 2019"]
[Site "Lukavac, hotel Lukavac"]
[Date "2019.11.25"]
[Round "7"]
[Board "3"]
[White "Djuric, Zoran"]
[Black "Bojo, Leon"]
[Result "0-1"]
[WhiteElo "2192"]
[BlackElo "2119"]
[PlyCount "108"]
[EventDate "2019.11.22"]
[EventRounds "7"]
[EventCountry "BIH"]

1. e4 c6 2. f4 d5 3. exd5 cxd5 4. d4 Nc6 5. Nf3 Bg4 6. c3 e6 7. Nbd2 h5 8. Qb3
Qb6 9. Qxb6 axb6 10. Ne5 Bd6 11. b3 Nge7 12. a4 f6 13. Nd3 h4 14. Be2 Bf5 15.
O-O Kf7 16. Nf3 Na5 17. Rb1 Rac8 18. Bd2 Be4 19. Rb2 Nf5 20. Kf2 Ba3 21. Ra2
Be7 22. b4 Nc4 23. Bc1 Nfd6 24. Nd2 Bf5 25. Nb1 Ra8 26. Nd2 Rhc8 27. Nb1 Ra7
28. Ra1 Rca8 29. Nb2 Bxb1 30. Nxc4 dxc4 31. Rxb1 Ne4+ 32. Kf3 Nxc3 33. Bd2 Nxb1
34. Rxb1 Rc8 35. Rc1 c3 36. Rxc3 Rxc3+ 37. Bxc3 Rxa4 38. Ke4 f5+ 39. Kd3 Bxb4
40. Bb2 Ra2 41. Bc1 b5 42. h3 Ba3 43. Bd2 b4 44. Bd1 Ra1 45. Bb3 Rb1 46. Ba2
Rb2 47. Bc4 b5 48. Bxb5 Rb3+ 49. Kc2 Rg3 50. Bc4 Rxg2 51. d5 b3+ 52. Kxb3 Rxd2
53. dxe6+ Kf6 54. Kxa3 Rd4  0-1

[Event "8th ITLukavac 2019"]
[Site "Lukavac, hotel Lukavac"]
[Date "2019.11.25"]
[Round "7"]
[Board "5"]
[White "Onur, Cigdem"]
[Black "Markovic, Dino"]
[Result "0-1"]
[WhiteElo "1940"]
[BlackElo "2119"]
[PlyCount "90"]
[EventDate "2019.11.22"]
[EventRounds "7"]
[EventCountry "BIH"]

1. e4 e6 2. d4 d5 3. Nd2 dxe4 4. Nxe4 Bd7 5. Nf3 Bc6 6. Bd3 Nd7 7. Qe2 Ngf6 8.
Bd2 Be7 9. c4 O-O 10. Neg5 Bxf3 11. gxf3 c5 12. Rg1 cxd4 13. Ne4 Ne5 14. O-O-O
Rc8 15. Bh6 Ng6 16. Bd2 b5 17. Ng5 bxc4 18. Bxg6 hxg6 19. Nxe6 fxe6 20. Qxe6+
Rf7 21. Rxg6 c3 22. Bxc3 Qd7 23. Qxd7 Nxd7 24. Rxd4 Bf6 25. Ra4 Nb6 26. Ra3 Nc4
27. Rb3 Ne5 28. Rg3 Nxf3 29. Kd1 Bh4 30. Rxg7+ Rxg7 31. Bxg7 Rd8+ 32. Ke2 Ng1+
33. Ke1 Kxg7 34. Rb7+ Kf6 35. Rxa7 Kf5 36. Ra5+ Kg4 37. Kf1 Rd1+ 38. Kg2 Ne2
39. f3+ Kf4 40. Ra4+ Nd4 41. Ra8 Rd2+ 42. Kh3 Bf2 43. Rf8+ Nf5 44. Rb8 Bg1 45.
Rb4+ Nd4  0-1

[Event "8th ITLukavac 2019"]
[Site "Lukavac, hotel Lukavac"]
[Date "2019.11.25"]
[Round "7"]
[Board "6"]
[White "Mrndjic, Muamer"]
[Black "Coric, Ahmed"]
[Result "0-1"]
[WhiteElo "2224"]
[BlackElo "2104"]
[PlyCount "62"]
[EventDate "2019.11.22"]
[EventRounds "7"]
[EventCountry "BIH"]

1. d4 Nf6 2. Nf3 d5 3. Nc3 Bf5 4. Nh4 Bd7 5. g3 e6 6. Bg2 c5 7. Nf3 Nc6 8. O-O
Be7 9. e3 Qc7 10. b3 a6 11. Bb2 b5 12. dxc5 Bxc5 13. a4 Rb8 14. axb5 axb5 15.
Ne2 O-O 16. Bxf6 gxf6 17. Nf4 Bb4 18. Nh5 Bc3 19. Nd4 f5 20. h4 Nxd4 21. exd4
Bxa1 22. Qd2 f6 23. Rxa1 Be8 24. Nf4 Bf7 25. Re1 Rb6 26. Nd3 Rc6 27. Nb4 Rc3
28. Bf1 Rc8 29. Bd3 Qa5 30. Nxd5 exd5 31. Bxf5 Rxg3+  0-1

[Event "8th ITLukavac 2019"]
[Site "Lukavac, hotel Lukavac"]
[Date "2019.11.25"]
[Round "7"]
[Board "7"]
[White "Acimovic, Radivoje"]
[Black "Aleksic, Neven"]
[Result "0-1"]
[WhiteElo "2077"]
[BlackElo "2182"]
[PlyCount "136"]
[EventDate "2019.11.22"]
[EventRounds "7"]
[EventCountry "BIH"]

1. e4 e5 2. Nf3 Nc6 3. Bb5 a6 4. Ba4 Nf6 5. O-O Be7 6. Re1 b5 7. Bb3 d6 8. c3
O-O 9. h3 Na5 10. Bc2 c5 11. d4 Nd7 12. a4 b4 13. cxb4 cxb4 14. b3 exd4 15. Bb2
Bf6 16. Bxd4 Nc6 17. Bxf6 Qxf6 18. Nbd2 Nde5 19. Nxe5 dxe5 20. Nf3 Be6 21. Qe2
Rac8 22. Qxa6 Bxh3 23. Re3 Bg4 24. Bd3 Bxf3 25. Rxf3 Qe7 26. Re1 Qe6 27. Bc4
Qh6 28. Rd1 Rcd8 29. Rfd3 Rxd3 30. Rxd3 Qc1+ 31. Kh2 Qf4+ 32. Kg1 Nd4 33. Re3
Nc2 34. Rf3 Qc1+ 35. Kh2 g6 36. Qf6 Qh6+ 37. Rh3 Qd2 38. Qh4 h5 39. Qf6 Qf4+
40. Qxf4 exf4 41. Rd3 Kg7 42. a5 Ra8 43. Rd7 Kf6 44. Rxf7+ Ke5 45. Re7+ Kd4 46.
a6 Na3 47. Be2 Kc3 48. a7 f3 49. Bxf3 Nb5 50. e5 Rxa7 51. Rxa7 Nxa7 52. e6 Nc8
53. Bd5 Kd4 54. Bc4 Ke5 55. Kg3 Kf6 56. Kf4 Nd6 57. Bd5 g5+ 58. Ke3 Ke5 59. Bc4
Nxc4+ 60. bxc4 Kxe6 61. Kd4 Kd6 62. f3 Kc6 63. c5 b3 64. Kc3 Kxc5 65. Kxb3 Kd4
66. Kc2 Ke3 67. Kd1 Kf2 68. g4 h4  0-1

[Event "8th ITLukavac 2019"]
[Site "Lukavac, hotel Lukavac"]
[Date "2019.11.25"]
[Round "7"]
[Board "8"]
[White "Barisic, Predrag"]
[Black "Lipovcic, Marko"]
[Result "0-1"]
[WhiteElo "2045"]
[BlackElo "2167"]
[PlyCount "62"]
[EventDate "2019.11.22"]
[EventRounds "7"]
[EventCountry "BIH"]

1. d4 d5 2. Nf3 Nf6 3. c4 e6 4. Nc3 Be7 5. e3 O-O 6. Bd3 dxc4 7. Bxc4 b6 8. O-O
Bb7 9. a3 Nbd7 10. Be2 c5 11. dxc5 Nxc5 12. Nd4 Rc8 13. b4 Nce4 14. Nxe4 Nxe4
15. Bb2 Bf6 16. Bf3 Qe7 17. Rc1 Rfd8 18. Qe2 Nd6 19. Bxb7 Qxb7 20. b5 Bxd4 21.
Bxd4 Qd5 22. a4 Qb3 23. Qg4 Ne8 24. Ra1 Rc2 25. Qg5 f6 26. Qh4 Qc4 27. f4 Nd6
28. Qg4 Ne4 29. a5 Rxd4 30. exd4 Qxd4+ 31. Kh1 Nf2+  0-1

[Event "8th ITLukavac 2019"]
[Site "Lukavac, hotel Lukavac"]
[Date "2019.11.25"]
[Round "7"]
[Board "9"]
[White "Bajramovic, Halid"]
[Black "Zenelaj, Samuel"]
[Result "0-1"]
[WhiteElo "2066"]
[BlackElo "2132"]
[PlyCount "49"]
[EventDate "2019.11.22"]
[EventRounds "7"]
[EventCountry "BIH"]

1. Nf3 Nf6 2. c4 g6 3. b3 Bg7 4. Bb2 O-O 5. g3 d6 6. Bg2 e5 7. O-O Nc6 8. d3
Bf5 9. h3 Qd7 10. g4 Be6 11. Ng5 h5 12. Nxe6 Qxe6 13. g5 Nh7 14. Qd2 Qe7 15. h4
f6 16. Be4 fxg5 17. Bxg6 Rf4 18. Bxh5 Rxh4 19. Bf3 g4 20. Bd5+ Kh8 21. Kg2 Rf8
22. Nc3 Bh6 23. Qd1 Rh2+ 24. Kxh2 Qh4+ 25. Kg1  0-1

[Event "8th ITLukavac 2019"]
[Site "Lukavac, hotel Lukavac"]
[Date "2019.11.25"]
[Round "7"]
[Board "10"]
[White "Ozkurt, Kutay"]
[Black "Terzic, Ilijas"]
[Result "1-0"]
[WhiteElo "1708"]
[BlackElo "2120"]
[PlyCount "77"]
[EventDate "2019.11.22"]
[EventRounds "7"]
[EventCountry "BIH"]

1. e4 e6 2. d4 d5 3. Nd2 a6 4. Ngf3 c5 5. dxc5 Bxc5 6. Bd3 Nc6 7. c3 Nf6 8. Qe2
O-O 9. O-O e5 10. exd5 Nxd5 11. Nb3 Bb6 12. Rd1 Qe7 13. Bxh7+ Kxh7 14. Rxd5 Bg4
15. h3 Bh5 16. Qe4+ f5 17. Qh4 Qxh4 18. Nxh4 f4 19. Nf3 Bxf3 20. gxf3 Rad8 21.
Rxd8 Rxd8 22. Bd2 Kg6 23. Kg2 Kf5 24. Re1 Ne7 25. Kf1 Rh8 26. Re4 Rxh3 27. Kg2
Rh4 28. c4 Nc6 29. c5 Ba7 30. Bc3 Rh8 31. Na5 Bb8 32. Nxc6 bxc6 33. Ra4 Rh6 34.
Rxa6 e4 35. fxe4+ Kxe4 36. Ra4+ Kd5 37. Kf3 g5 38. Ra8 Bc7 39. Rg8  1-0

[Event "8th ITLukavac 2019"]
[Site "Lukavac, hotel Lukavac"]
[Date "2019.11.25"]
[Round "7"]
[Board "11"]
[White "Savic, Milorad"]
[Black "Tonkovic, Robert"]
[Result "0-1"]
[WhiteElo "2005"]
[BlackElo "2118"]
[PlyCount "148"]
[EventDate "2019.11.22"]
[EventRounds "7"]
[EventCountry "BIH"]

1. d4 Nf6 2. Nf3 g6 3. Nc3 d5 4. h3 Bg7 5. Bf4 O-O 6. e3 c5 7. Nb5 Na6 8. c3
Bd7 9. Be2 Qb6 10. a4 c4 11. b3 cxb3 12. Qxb3 Bc6 13. O-O Qa5 14. Rfc1 Rac8 15.
Nxa7 Nc5 16. Nxc6 Nxb3 17. Nxa5 Nxa1 18. Rxa1 b6 19. Nb3 Rxc3 20. Nbd2 Rfc8 21.
Rb1 Rc1+ 22. Rxc1 Rxc1+ 23. Kh2 Rc2 24. Bb5 Rc8 25. Be5 Ne8 26. Bxg7 Kxg7 27.
Bd7 Rb8 28. Ne5 Nd6 29. f3 b5 30. axb5 Nxb5 31. Bxb5 Rxb5 32. Nd7 Rb2 33. Nf1
Rb1 34. Kg1 e6 35. Kf2 Rb2+ 36. Kg3 Rb1 37. Nh2 h5 38. h4 Rb3 39. Nf1 Rb1 40.
Kf2 Rb2+ 41. Kg1 Rb1 42. Nc5 Kf6 43. g4 hxg4 44. fxg4 Rb2 45. Nd7+ Kg7 46. g5
Re2 47. Nf6 Kf8 48. Ng4 Kg7 49. Ng3 Ra2 50. Kf1 Rb2 51. Ne2 Rb1+ 52. Kg2 Rb2
53. Kf3 Rb1 54. Ng3 Ra1 55. Kf4 Rg1 56. Kf3 Ra1 57. Nf6 Rg1 58. e4 dxe4+ 59.
Ngxe4 Rh1 60. Kg4 Rd1 61. h5 gxh5+ 62. Nxh5+ Kf8 63. Kf4 Rxd4 64. Ke5 Rd5+ 65.
Kf4 Ra5 66. Nhf6 Kg7 67. Kg4 Kg6 68. Kf4 Rf5+ 69. Kg4 Rf1 70. Ng3 Rf2 71. Nge4
Rf5 72. Ng3 Rxg5+ 73. Kf4 Rxg3 74. Kxg3 Kxf6  0-1

[Event "8th ITLukavac 2019"]
[Site "Lukavac, hotel Lukavac"]
[Date "2019.11.25"]
[Round "7"]
[Board "12"]
[White "Katkic, Amel"]
[Black "Savic, Petar A"]
[Result "0-1"]
[WhiteElo "2105"]
[BlackElo "2099"]
[PlyCount "120"]
[EventDate "2019.11.22"]
[EventRounds "7"]
[EventCountry "BIH"]

1. d4 Nf6 2. Bf4 e6 3. Nf3 d5 4. e3 c5 5. c3 Nc6 6. Nbd2 Be7 7. Bd3 O-O 8. Ne5
Bd6 9. Nxc6 bxc6 10. Bxd6 Qxd6 11. O-O c4 12. Be2 e5 13. b3 cxb3 14. axb3 Bf5
15. c4 exd4 16. exd4 Qf4 17. Nf3 dxc4 18. Bxc4 Bg4 19. Qc1 Qxc1 20. Rfxc1 Bxf3
21. gxf3 Rfd8 22. Ra6 Rxd4 23. Rxc6 Rd7 24. Ba6 h5 25. Rc7 Rad8 26. Bb5 Rd5 27.
Rc8 Rxc8 28. Rxc8+ Kh7 29. Bc4 Rd7 30. Rc5 g6 31. Kg2 Kg7 32. h3 Ng8 33. f4 Ne7
34. Kf3 Nf5 35. Ra5 Nd4+ 36. Ke3 Nc2+ 37. Kf3 Kf6 38. Ra6+ Ke7 39. Ra5 Nd4+ 40.
Ke3 Nc6 41. Rc5 Nb4 42. Rc8 Nc2+ 43. Ke2 Nd4+ 44. Ke3 Nf5+ 45. Kf3 Rb7 46. Bd5
Rd7 47. Bc4 Nd6 48. Rc5 Nb7 49. Re5+ Kf6 50. Ba6 Rc7 51. Bc4 Nc5 52. Rd5 Nxb3
53. Bxb3 Rc3+ 54. Ke4 Rxb3 55. Rd6+ Kg7 56. Ra6 Rxh3 57. Rxa7 Rb3 58. Rc7 h4
59. Ra7 h3 60. Rc7 Rb1  0-1

[Event "8th ITLukavac 2019"]
[Site "Lukavac, hotel Lukavac"]
[Date "2019.11.25"]
[Round "7"]
[Board "13"]
[White "Mitrovic, Jovica"]
[Black "Mahmutbegovic, Muharem"]
[Result "1/2-1/2"]
[WhiteElo "2076"]
[BlackElo "2042"]
[PlyCount "71"]
[EventDate "2019.11.22"]
[EventRounds "7"]
[EventCountry "BIH"]

1. e4 c6 2. d4 d5 3. Nd2 Qb6 4. c3 g6 5. Bd3 Bg7 6. e5 e6 7. Ne2 Ne7 8. Nf3 Nf5
9. O-O O-O 10. g4 Ne7 11. Ng3 c5 12. b3 cxd4 13. cxd4 Nbc6 14. Be3 f5 15. exf6
Bxf6 16. Be2 Qd8 17. Kg2 e5 18. dxe5 Nxe5 19. Nxe5 Bxe5 20. Rc1 Bf4 21. Bxf4
Rxf4 22. Qd2 Qd6 23. h3 Be6 24. f3 Raf8 25. Ne4 Qe5 26. Nc5 Bc8 27. Nd3 Rd4 28.
Rfe1 Qf6 29. Qe3 Nc6 30. Bd1 h5 31. Ne5 Rxd1 32. Rcxd1 Nxe5 33. Qxe5 Qxf3+ 34.
Kh2 Qf2+ 35. Kh1 Qf3+ 36. Kh2  1/2-1/2